00309nam a2200121Ia 4500008004100000020001800041041000800059082000700067100001300074245004200087260005000129300000800179231110s2020 xx 000 0 und d a9789354064371 aeng a11 aLELE&RAI aAPRIMER ON HRM IN CRIP TEXT AND CASES aPUNE; MAHARASTRAbNICMAR-SELF PUBLISHEDc2020 a168